| 000 | 00663nam a2200253Ia 4500 | ||
|---|---|---|---|
| 005 | 20250425162532.0 | ||
| 008 | 250425s9999 xx 000 0 und d | ||
| 020 | _a0962290610 | ||
| 041 | _aspa | ||
| 082 | _a630.715 | ||
| 100 | _aHILDEBRAND, PETER E | ||
| 245 | 0 | _aENSAYOS AGRONOMICOS EN FINCAS SEGÚN EL ENFOQUE DE SISTEMAS AGROPECUARIOS | |
| 250 | _a1A ED. | ||
| 260 |
_aEstados Unidos _bAGROPECUARIA _c1989 |
||
| 260 | _aFLORIDA CITY | ||
| 300 | _a134 | ||
| 500 | _aLIBRO DONADO POR DR. BARCIA | ||
| 650 | _aAGRONOMIA | ||
| 650 | _aFINCAS | ||
| 650 | _aSISTEMAS AGROPECUARIOS | ||
| 700 | _aPOEY, FEDERICO | ||
| 942 | _c01 | ||
| 010 | _a83531 | ||
| 999 |
_c231224 _d231224 |
||